• 首页
  • 本馆介绍
  • 公告通知
  • 最新文献
  • 馆藏检索
  • 电子资源
  • 读者导购
  • 参考咨询
  • 我的图书馆
  • 登录
  • 详细信息显示
  • 放入我的书架
  • 预约/预借图书
  • 作者相关作品
  • 分类相关作品
  • 丛书相关作品
  • 出版社相关作品

书目信息

  • 表格格式
  • 工作单格式
  • 卡片格式
题名:
港口水工建筑物
    
 
作者: 韩理安 主编
分册:  
出版信息: 北京   人民交通出版社  2008.10
页数: 403页
开本: 26cm
丛书名:
单 册:
中图分类: U656
科图分类:
主题词: 港口建筑物--gang kou jian zhu wu--水工建筑物--高等教育--教材
电子资源:
ISBN: 978-7-114-07212-3
000 00929nam0 2200253 450
001 2161473651
005 20211003083758.34
010    @a978-7-114-07212-3@dCNY49.00
100    @a20090402d2008 em y0chiy0120 ea
101 0  @achi
102    @aCN@b110000
105    @aa z 000yy
106    @ar
200 1  @a港口水工建筑物@Agang kou shui gong jian zhu wu@f韩理安主编
205    @a2版
210    @a北京@c人民交通出版社@d2008.10
215    @a403页@c图@d26cm
300    @a普通高等教育“十一五”国家级规划教材
330    @a全书共11章,主要内容包括码头概论、重力式码头、板桩码头、高桩码头、开敞式码头、斜坡码头与浮码头、码头附属设施、防波堤与护岸、修造船水工建筑物、港口水工建筑物抗震、港口水工结构数值模拟。
606 0  @a港口建筑物@Agang kou jian zhu wu@x水工建筑物@x高等教育@j教材
690    @aU656@v5
701  0 @a韩理安@Ahan li an@f(1943~)@4主编
801  0 @aCN@b百万庄@c20210929
905    @b1303066-69@dU656@e1002=2@f4
    
    港口水工建筑物/韩理安主编.-2版.-北京:人民交通出版社,2008.10
    403页:图;26cm
    普通高等教育“十一五”国家级规划教材
    
    ISBN 978-7-114-07212-3:CNY49.00
    全书共11章,主要内容包括码头概论、重力式码头、板桩码头、高桩码头、开敞式码头、斜坡码头与浮码头、码头附属设施、防波堤与护岸、修造船水工建筑物、港口水工建筑物抗震、港口水工结构数值模拟。
●
相关链接 在E读中查询图书 在五车中查询图书 在当当中查询图书 在豆瓣中查询图书


正题名:港口水工建筑物     索取号:U656/1002=2         预约/预借

序号 登录号 条形码 馆藏地/架位号 状态 备注
1 1303066   213030664   第二样本阅览室/ [索取号:U656/1002=2] 在馆    
2 1303067   213030673   第三借阅区/ [索取号:U656/1002=2] 在馆    
3 1303068   213030682   第三借阅区/ [索取号:U656/1002=2] 在馆    
4 1303069   213030691   第三借阅区/ [索取号:U656/1002=2] 在馆    
唐山师范学院图书馆 欢迎您!
大连网信软件有限公司© 版权所有